| 000 | 00829nam a2200217Ii 4500 | ||
|---|---|---|---|
| 003 | JO-AjNU | ||
| 008 | 230605s9999||||xx |||||||||||||| ||und|| | ||
| 017 | _a2009/3/844 | ||
| 040 |
_aJO-AjNU _bara _erda _cJO-AjNU |
||
| 041 | _aara | ||
| 050 | 1 | 4 | _aLB1025.3.T37 2010 |
| 100 | 3 |
_aطوالبة،هادي مؤلف/الصرايرة،باسم م.مشارك/الشمايلة،نسرين م.مشارك/الصرايره،خالد م.مشارك, _eauthor _950129 |
|
| 245 | 0 | 0 | _aطرائق التدريس |
| 250 | _aط1 | ||
| 264 | 3 | 1 | _aعمان:دار المسيرة للنشر والتوزيع والطباعة،2010 |
| 300 | _a384ص | ||
| 336 |
_atext _btxt _2rdacontent |
||
| 337 |
_aunmediated _bn _2rdamedia |
||
| 338 |
_avolume _bnc _2rdacarrier |
||
| 650 | 4 |
_aطرق التدريس-الوسائل التعليمية _950130 |
|
| 999 |
_aA22062 _c25630 _d25630 |
||